00655nam a22001817a 450000500170000001000150001702000300003203500140006203700130007608200100008910000230009924500870012226000440020927001110025330000700036470000150043470000240044920210409155110.0 aENG-129424 c995.00a978-93-88016-50-6 aEN-112956 bDBAD/PUB a362.4 aMishra, Premananda aIntroduction to Disabilities/bPremananda Mishra, K. Srinivas Reddy and K. Sridevi aNew DelhibNeelkamal Publicationsc2019 a4764/1, 23, Ansari Road, DaryaganjbNew Delhie110002k011-23244237, 98118-28953mneelkamalbooks@gmail.com axv+296p.c24cm(hbk)bincluding bibliographical references, index. aK. Sridevi aReddy, K. Srinivas